| 000 | 00744nas a2200241Ia 4500 | ||
|---|---|---|---|
| 001 | R007/42052 | ||
| 003 | IT-RoPAU | ||
| 008 | 151124c99999999xx |||||||||||| ||und|| | ||
| 040 | _aIT-RoPAU | ||
| 040 | _cIT-RoPAU | ||
| 041 | _aITALIANO | ||
| 100 |
_aAncona Leonardo _gCodice Aut. SPICS: 9913 |
||
| 210 | _aCINEFORUM | ||
| 222 | _aCineforum | ||
| 245 |
_aCINEFORUM, ANNO 07-N.066 (GIUGNO 1967) _bPsicoanalisi E Cinema |
||
| 250 | _a1a ed. | ||
| 260 |
_aVENEZIA _bFEDERAZIONE ITALIANA CINEFORUM _c1967 |
||
| 501 |
_bPaulus - SPICS - Società San Paolo EM (non-commercial uses only) _cCopyright2015 |
||
| 300 | _a11 p. [405-415] | ||
| 362 | _aANNO 007, N.066 (GIUGNO 1967) | ||
| 650 |
_aCINEMA _vPUBBLICAZIONE PERIODICA |
||
| 942 | _cCR | ||
| 999 |
_c122268 _d122268 |
||